Music Quiz

Random Music or Song Quiz
Score 0/30 Timer 05:00
6 Plays Today
% Correct
Woman
93.6%
World
92.2%
Was
92%
Moon
91.9%
Mirror
91.3%
Stand
90%
Enough
89.7%
Preacher
89.1%
Dressed
87.3%
Piano
87%
Rocket
85.5%
Walk
83.5%
All
82.8%
Agent
82.2%
Need
80.7%
% Correct
Macho
79.9%
Motion
79.5%
Moved
78.6%
Tambourine
78.5%
Old
78.3%
Fighting
77.9%
Other
69.9%
Ramblin'
67.6%
Down
67.4%
Respected
65.9%
Candy
64.5%
Nowhere
63.1%
Boogie
61.5%
Lion
60.5%
Rubberband
48.2%
Remove Ads.
Support Sporcle.
Get the best of Sporcle when you Go Orange. This ad-free experience offers more features, more stats, and more fun while also helping to support Sporcle. Thank you for becoming a member.

You're not logged in!

Compare scores with friends on all Sporcle quizzes.
OR
Log In

Sporcle TV

Today on Sporcle TV


Watch our educational content, quiz creation guides, and fun videos on Sporcle TV.

Show Comments

Extras

Top Quizzes Today


Score Distribution

Paid Content

Your Account Isn't Verified!

In order to create a playlist on Sporcle, you need to verify the email address you used during registration. Go to your Sporcle Settings to finish the process.

Report this User

Report this user for behavior that violates our Community Guidelines.

Details: